| 000 | 00542nam a22001457a 4500 | ||
|---|---|---|---|
| 008 | 161020b xxu||||| |||| 00| 0 eng d | ||
| 082 |
_22002 _aDFil 372.832 _bB64 |
||
| 100 |
_916493 _aBon, Mila |
||
| 245 |
_aSample lesson plans in MAKABAYAN (Sibika at kultura- I): _bbased on the 2002 RBEC (Restructured basic education curriculum)/ _cMila Bon |
||
| 260 |
_aManila: _bTeacher's Relief, _cc2002. |
||
| 300 |
_a146 pages; _c26 cm. |
||
| 650 | 0 |
_916494 _aElementary education _xteaching. |
|
| 650 | 0 |
_916495 _aTeaching _xmethodology. |
|
| 942 |
_2ddc _cDFIL |
||
| 999 |
_c5327 _d5327 |
||